Normal view
MARC view
- المحاسبة -ضريبة الدخل- قانون
Entry Topical Term
001 - CONTROL NUMBER
- control field: 29101
003 - CONTROL NUMBER IDENTIFIER
- control field: JO-AjAnu
005 - DATE AND TIME OF LATEST TRANSACTION
- control field: 20230606074926.0
008 - FIXED-LENGTH DATA ELEMENTS
- fixed length control field: 230606|| aca||aabn | a|a d
040 ## - CATALOGING SOURCE
- Original cataloging agency: JO-AjAnu
- Transcribing agency: JO-AjAnu
150 ## - HEADING--TOPICAL TERM
- Topical term or geographic name entry element: المحاسبة -ضريبة الدخل- قانون
670 ## - SOURCE DATA FOUND
- Source citation: Work cat.: (JO-AjAnu)14938: تأليف: ابو نصار،محمد / م.مشارك: محفوظ المشاعلة ، فراس عطا الله الشهوان, author 29100, محاسبة الضرائب بين النظرية والتطبيق : ضريبة الدخل وضريبة المبيعات في الاردن